| 000 | 00612nam a22001697a 4500 | ||
|---|---|---|---|
| 005 | 20250303101901.0 | ||
| 008 | 250223b |||||||| |||| 00| 0 eng d | ||
| 020 | _a0864710364 | ||
| 050 |
_aRM262 _b.D69 |
||
| 245 |
_aAvery's Drug Treatment/ _ba guide to the properties, choice, therapeutic use and economic value og drugs in disease management _cedited by Trevor M. Speight & Nicholas H. G. Holford |
||
| 250 | _a4th ed. | ||
| 260 |
_aAuckland _bAdis International _c1997 |
||
| 300 |
_axii.1852p. _bill. _c26.5cm |
||
| 700 | _aSpeight, Trevor M | ||
| 700 | _aHolford, Nicholas H. G. | ||
| 942 |
_2lcc _cBK _e4th ed. _n0 |
||
| 999 |
_c4249 _d4249 |
||